Same Spelling, Different Language Quiz Stats

 Plays Quiz Updated Feb 1, 2019

     
Support Sporcle.
Go Orange.
Score 0/20 Timer 08:00
122 Plays Today
Definition 1 word % Correct
Occuring a single time (English)once (Spanish: eleven)
90.4%
To rotate rapidly (English)spin (Dutch: spider)
81.4%
Male offspring (English)son (French: sound)
79.7%
A present (English)gift (German: poison)
73.5%
Seat (English)chair (French: flesh)
67%
Leather or rubber footwear (English)boot (German: boat)
62.9%
A crusted pastry (English)pie (Spanish: foot)
56.4%
A chunk of stone (English)rock (German: skirt)
52.1%
Colloquial or informal speech (English)slang (Dutch: snake)
51.8%
A small label (English)tag (German: day)
42.4%
Definition 1 word % Correct
Soft dairy spread (Italian)burro (Italian: butter, Spanish: donkey)
27.2%
A deep resonant sound (English)boom (Dutch: tree)
26%
Outer border or edge (English)rim (Portuguese: kidney)
18.7%
Submission or bond (Portuguese)jugo (Portuguese: yoke, Spanish: juice)
15.6%
Symbol used in counting (French)nombre (French: number, Spanish: name)
14%
Make or mark (English)brand (Dutch: fire)
10%
A dark purplish brown (English)puce (French: flea)
6.7%
Affectionate or doting (English)fond (French: bottom)
4.3%
A medieval lord (English)liege (French: cork)
3.9%
A spirally-threaded metal fastener (French)vis (French: screw, Dutch: fish)
3%

From the Vault

Is That the Opening Lyric?

by babymonkee

Music 4m
Let's hope you were paying attention...
Remove Ads.
Support Sporcle.
Get the best of Sporcle when you Go Orange. This ad-free experience offers more features, more stats, and more fun while also helping to support Sporcle. Thank you for becoming a member.

Show Comments

Extras

Top Quizzes Today


Score Distribution

Your Account Isn't Verified!

In order to create a playlist on Sporcle, you need to verify the email address you used during registration. Go to your Sporcle Settings to finish the process.

Report this User

Report this user for behavior that violates our Community Guidelines.

Details: